000 00207nam a22000857a 4500
008 160714b xxu||||| |||| 00| 0 eng d
100 _92856
_a Herse, H
245 _aDemian
260 _aLondon
_b Hrper Collins
_c1960
999 _c2431
_d2431